Tilastot visalle B:llä alkavat valtiot

Klikkaa tästä pelataksesi tätä visaa!

Yleistilastot

  • Tätä visaa on pelattu 6 257 kertaa
  • Keskiarvotulos 11 / 16

Vastaustilastot

Valtio% Oikein
Belgia
82%
Bolivia
76%
Bangladesh
73%
Bhutan
73%
Bahama
69%
Brasilia
69%
Brunei
69%
Bahrain
68%
Bulgaria
68%
Botswana
64%
Barbados
63%
Benin
63%
Bosnia ja Hertsegovina
62%
Belize
59%
Burundi
58%
Burkina Faso
53%

Tulosjakauma

Persentiili vastausten määrän mukaan

Jokaisen tuloksen saaneiden osuus

Tuloshistoriasi

Et ole pelannut tätä visaa